000 01525nam0a2200361 4500
001 RU\NLR\BIBL_A\022676241
005 20260303103537.0
010 _a978-5-7833-3218-0
_925000
021 _aRU
_bКН-П-25-057374
_9КН-П-25-5524
035 _a(NLR Aleph) 022676241
090 _a13555854
_c13555854
100 _a20251201d2025 b y0rusy50 ca
101 0 _arus
102 _aRU
105 _aa z 000gy
181 0 _ab3
_bxb2e
181 0 _ai2
_baxxe
182 0 _an
200 1 _aБармалей
_e[для детей дошкольного возраста]
_fКорней Чуковский
_g[художники: В. А. Жигарев, В. Л. Вахтин]
203 _aИзображение
_aТекст
_bвизуальные
_cнепосредственные
210 _aМосква
_cФламинго
_d2025
215 _a[16] с.
_cцв. ил.
_d22
300 _aБез тит. л. Описано по обл.
333 _a0+
686 0 _aШ9(2)60=Р7-5
700 1 _7ca
_8rus
_aЧуковский
_bК. И.
_f1882-1969
_gКорней Иванович
_9111544
_3RU\NLR\AUTH\771522
702 1 _4040
_7ca
_8rus
_aЖигарев
_bВ. А.
_cхудожник
_f1941-2020
_gВячеслав Алексеевич
_937899
_3RU\NLR\AUTH\7754967
702 1 _4040
_7ca
_8rus
_aВахтин
_bВ. Л.
_cхудожник
_gВиктор Л.
_937957
_3RU\NLR\AUTH\7755025
942 _cBOOK
980 _aNB